| 000 | 00810nmc a2200289 a 4500 | ||
|---|---|---|---|
| 003 | AR-Y00000XR | ||
| 005 | 20251128211902.0 | ||
| 008 | 307020s1995 ||||||||||||||000 | spa|| | ||
| 020 | _a84-87330-37-1 | ||
| 040 | _cAR-Y00000XR | ||
| 245 | 1 | 0 | _aLa iniciación deportiva y el deporte escolar |
| 250 | _a1ª ed. | ||
| 260 |
_aBarcelona _bInde Publicaciones _c1995 |
||
| 300 | 0 | _a448 p. | |
| 490 | 0 | _aEl deporte en edad escolar | |
| 650 | 4 | _aEDUCACION FISICA | |
| 650 | 4 | _aDEPORTE | |
| 650 | 4 | _aRENDIMIENTO DEL ALUMNO | |
| 650 | 4 | _aMETODOS DE ENSENANZA | |
| 650 | 4 | _aJUEGO | |
| 653 | 0 | _aEDUCACION EN VALORES | |
| 653 | 0 | _aESTRATEGIAS DIDACTICAS | |
| 700 | 1 |
_aBlázquez Sánchez, Domingo _edirector |
|
| 700 | 1 |
_aAmador Ramírez, Fernando _ecolaborador |
|
| 942 | _cBK | ||
| 998 | _cme-solo cat | ||
| 999 |
_c21469 _d21469 |
||